000 00365nam a2200145Ia 4500
008 200917s9999||||xx |||||||||||||| ||und||
020 _a:0706904060
082 _a242
_bCOL/F
100 _aCollins, Larry
245 0 _aFreedom At Midnight
250 _a16th Edition
260 _aNew Delhi
_bVikas Publishing House Pvt. Ltd.
_c1977
300 _a500
942 _cBK
999 _c24132
_d24132